Loading...
| Fine Arts - Classical Music | 0 | 9 | 0 | 2 | 90 | 51 | 107.67 | 0 | 2 |
| Literature - British Literature | 0 | 8 | 2 | 0 | 70 | 44 | 100.25 | 1 | 4 |
| Literature - American Literature | 0 | 7 | 0 | 2 | 70 | 40 | 113.14 | 1 | 4 |
| History - Other History | 0 | 5 | 0 | 0 | 50 | 47 | 85.20 | 2 | 4 |
| Literature - European Literature | 0 | 5 | 1 | 0 | 45 | 96 | 113.20 | 0 | 1 |
| Fine Arts - Other Fine Arts | 0 | 4 | 0 | 0 | 40 | 41 | 91.75 | 1 | 2 |
| Fine Arts - Painting & Sculpture | 0 | 5 | 3 | 0 | 35 | 60 | 86.80 | 1 | 5 |
| Literature - World Literature | 0 | 5 | 4 | 0 | 30 | 77 | 111.20 | 1 | 1 |
| Mythology | 0 | 3 | 0 | 1 | 30 | 107 | 121.67 | 0 | 0 |
| Religion | 0 | 2 | 0 | 0 | 20 | 50 | 84.00 | 1 | 1 |
| History - American History | 0 | 2 | 0 | 0 | 20 | 114 | 118.50 | 0 | 0 |
| Philosophy | 0 | 1 | 0 | 0 | 10 | 113 | 113.00 | 0 | 0 |
| Social Science | 0 | 1 | 0 | 0 | 10 | 58 | 58.00 | 1 | 1 |
| Geography | 0 | 1 | 0 | 1 | 10 | 128 | 128.00 | 0 | 0 |
| History - World History | 0 | 1 | 0 | 0 | 10 | 79 | 79.00 | 1 | 1 |
| Other Academic | 0 | 1 | 1 | 0 | 5 | 100 | 100.00 | 0 | 0 |
| Science - Other Science | 0 | 0 | 2 | 0 | -10 | 0.00 | 0 | 0 |